LDR 01259naa#a2200169#i#450# 001 RU\INFRA-M\bibl\122813 005 20260630173906.2 011 ## _a2500-3313 100 ## _a20260331b2026####ek#y0rusy0150####ca 102 ## _aRU 200 1# _aИнформационная система обеспечения ускорение климатической адаптации как фактор повышения конкурентоспособности и устойчивости национальной экономики _eЖурнальная статья 210 1# _aМосква _cОбщество с ограниченной ответственностью «Научно-издательский центр ИНФРА-М» _d2026 215 ## _a8 с. 608 ## _aЖурнальная статья _2local 675 ## _aИнформационные технологии. Компьютерные технологии. Теория вычислительных машин и систем. 004 _aЭкономическое положение. Экономическая политика. Управление и планирование в экономике. Производство. Услуги. Цены. 338 _z 700 #1 _aТебекин _gА. В. 856 4# _anaukaru.ru _u